MARC

LEADER 00000nas a2200000 a 4500
001 ssj0004742
003 WaSeSS
005 20200512172242.0
006 m d
007 cr n
008 000724c19709999sz mx pss 0 0eng c
010 |a  2011250846 
016 7 |a 1482041-9  |2 DE-600 
022 |a 1421-9751  |l 0008-6312  |y 0008-6312 
035 |a (WaSeSS)ssj0004742 
037 |b S. Karger AG, Allschwilerstrasse 10, CH-4009 Basel, Switzerland 
040 |a F#A  |b eng  |c F#A  |d OCLCQ  |d OCLCS  |d FQM  |d OCLCQ  |d OCL  |d TXJ  |d CO3  |d OCLCQ  |d BUF  |d OCLCQ  |d OCLCF  |d OCLCO  |d VT2  |d OCLCQ  |d OCLCO  |d OCLCQ  |d DEFHM  |d OCLCO  |d OCLCA  |d Z5A  |d OCLCO  |d OCLCA  |d AU@  |d OCLCO  |d WYU  |d AUD  |d OCLCA  |d WaSeSS 
042 |a pcc 
050 1 4 |a RC681.A1  |b C25 
060 0 0 |a W1  |b CA77F 
082 0 4 |a 616.1/2/005 
130 0 |a Cardiology (Online) 
245 1 0 |a Cardiology  |h [electronic resource]. 
260 |a [Basel, Switzerland] :  |b Karger 
310 |a Twelve issues yearly,  |b 2008- 
321 |a Six issues yearly,  |b 1970-1979 
321 |a Eight no. a year,  |b 1980-2007 
362 1 |a Print began with v. 55, no. 1 (1970). 
506 |a License restrictions may limit access. 
538 |a Mode of access: World Wide Web. 
588 |a Description based on: Vol. 92, no. 1 (Jan. 1999); title from journal information screen (Karger website, viewed June 6, 2000). 
588 |a Latest issue consulted: V. 119, no. 1 (2011) (viewed July 28, 2011). 
650 0 |a Cardiology  |v Periodicals. 
650 7 |a Cardiology.  |2 fast  |0 (OCoLC)fst00847121 
650 7 |a Kardiologie  |2 gnd 
650 7 |a Zeitschrift  |2 gnd 
650 7 |a Online-Ressource  |2 gnd 
650 2 |a Cardiology  |v Periodicals. 
650 2 |a Cardiovascular Diseases  |v Periodicals. 
650 2 |a Cardiovascular Surgical Procedures  |v Periodicals. 
655 0 |a Electronic journals. 
776 0 8 |i Print version:  |t Cardiology  |x 0008-6312  |w (DLC) 70649757  |w (OCoLC)2064881 
856 4 0 |z Full text available from Research Library: 01/01/1998 to 11/30/2015  |u https://search.proquest.com/publication/40936